<?xml version="1.0" encoding="UTF-8"?>
<record
    xmlns:xsi="http://www.w3.org/2001/XMLSchema-instance"
    xsi:schemaLocation="http://www.loc.gov/MARC21/slim http://www.loc.gov/standards/marcxml/schema/MARC21slim.xsd"
    xmlns="http://www.loc.gov/MARC21/slim">

  <leader>02116nam a22002057a 4500</leader>
  <controlfield tag="008">250702b        |||||||| |||| 00| 0 eng d</controlfield>
  <datafield tag="020" ind1=" " ind2=" ">
    <subfield code="a">9781398618084</subfield>
  </datafield>
  <datafield tag="040" ind1=" " ind2=" ">
    <subfield code="c">tbs</subfield>
  </datafield>
  <datafield tag="041" ind1=" " ind2=" ">
    <subfield code="a">eng</subfield>
  </datafield>
  <datafield tag="050" ind1=" " ind2=" ">
    <subfield code="a">HF5549.5.A2 </subfield>
    <subfield code="b">K36 2025</subfield>
  </datafield>
  <datafield tag="100" ind1=" " ind2=" ">
    <subfield code="a">Kandola, Binna</subfield>
    <subfield code="9">24925</subfield>
    <subfield code="e">author</subfield>
  </datafield>
  <datafield tag="245" ind1=" " ind2=" ">
    <subfield code="a">Designing for diversity </subfield>
    <subfield code="b">: developing inclusive and equitable talent management processes </subfield>
    <subfield code="c">/ Binna Kandola.</subfield>
  </datafield>
  <datafield tag="260" ind1=" " ind2=" ">
    <subfield code="a">London :</subfield>
    <subfield code="b">Kogan Page,</subfield>
    <subfield code="c">2025.</subfield>
  </datafield>
  <datafield tag="300" ind1=" " ind2=" ">
    <subfield code="a">168 pages :</subfield>
    <subfield code="b">illustrations ;</subfield>
    <subfield code="c">24 cm.</subfield>
  </datafield>
  <datafield tag="520" ind1=" " ind2=" ">
    <subfield code="a">What measures do you use to spot talent and assess employee performance? How do you decide who gets promoted? Are these methods fair and inclusive?

Talent management is a cornerstone of modern organizational strategy but it has consistently fallen short in achieving meaningful diversity. Designing for Diversity challenges the deeply rooted assumptions that have shaped traditional talent management systems and critiques the philosophies that often reinforce the status quo. This book then offers actionable strategies to create systems and processes that genuinely identify and nurture individuals with leadership potential.

While many DEI efforts aim to signal progress, they can inadvertently sustain inertia. This book empowers organizations to move beyond surface-level solutions and implement practices that drive real, measurable change. It explores each element of talent management from performance management systems and talent identification methods, through to talent development and promotion processes. This book also examines the limitations of target setting and the benefits of both formal and informal mentoring. The results is a new paradigm for identifying leaders, fostering diversity, and enhancing competition for senior roles. Whether you're a business leader, HR professional or advocate for equity in the workplace, Designing for Diversity is your essential guide to creating a future where talent management and diversity thrive together.</subfield>
  </datafield>
  <datafield tag="650" ind1=" " ind2="0">
    <subfield code="a">Personnel management</subfield>
    <subfield code="9">680</subfield>
  </datafield>
  <datafield tag="650" ind1=" " ind2="0">
    <subfield code="a">Diversity in the workplace</subfield>
    <subfield code="9">7273</subfield>
  </datafield>
  <datafield tag="650" ind1=" " ind2="0">
    <subfield code="a">Ability</subfield>
    <subfield code="9">7350</subfield>
  </datafield>
  <datafield tag="942" ind1=" " ind2=" ">
    <subfield code="2">lcc</subfield>
  </datafield>
  <datafield tag="952" ind1=" " ind2=" ">
    <subfield code="0">0</subfield>
    <subfield code="1">0</subfield>
    <subfield code="2">lcc</subfield>
    <subfield code="4">0</subfield>
    <subfield code="7">0</subfield>
    <subfield code="a">TBS</subfield>
    <subfield code="b">TBS</subfield>
    <subfield code="d">2025-07-02</subfield>
    <subfield code="l">0</subfield>
    <subfield code="o">HF5549.5.A2 KAN</subfield>
    <subfield code="p">B05745</subfield>
    <subfield code="r">2025-07-02</subfield>
    <subfield code="t">1</subfield>
    <subfield code="w">2025-07-02</subfield>
    <subfield code="y">1</subfield>
  </datafield>
  <datafield tag="999" ind1=" " ind2=" ">
    <subfield code="c">4808</subfield>
    <subfield code="d">4808</subfield>
  </datafield>
</record>
